000 00489nam a22001697a 4500
005 20250225113935.0
008 250225b |||||||| |||| 00| 0 eng d
020 _a9788123914008
050 _aRM300 AGA
100 _aAgarwal, S. L.
245 _aPharmacology for Undergraduates/
_cS. L. Agarwal & Sunil Agarwal
250 _a2nd ed.
260 _aNew Delhi
_bCBS Publishers & Distributors
_c2007
300 _axii. 364p.
_c22cm
700 _aAgarwal, Sunil
942 _2lcc
_cBK
_e2nd ed.
_n0
999 _c4300
_d4300